श्रीरामचरित्र मानस (Record no. 1678434)

MARC details
000 -LEADER
fixed length control field 00915 a2200229 4500
005 - DATE AND TIME OF LATEST TRANSACTION
control field 20260320090715.0
008 - FIXED-LENGTH DATA ELEMENTS--GENERAL INFORMATION
fixed length control field 260320b |||||||| |||| 00| 0 eng d
020 ## - INTERNATIONAL STANDARD BOOK NUMBER
International Standard Book Number 9789364484800 (hbk)
037 ## - SOURCE OF ACQUISITION
Terms of availability TB
040 ## - CATALOGING SOURCE
Original cataloging agency BL
Transcribing agency BL
041 ## - LANGUAGE CODE
Source of code hin
Language code of text/sound track or separate title hin
084 ## - COLON CLASSIFICATION NUMBER
Classification number O152,1J2,11 R5
Assigning agency BL
100 ## - MAIN ENTRY--PERSONAL NAME
Personal name गोस्वामी तुलसीदास
9 (RLIN) 1112975
245 ## - TITLE STATEMENT
Title श्रीरामचरित्र मानस
260 ## - PUBLICATION, DISTRIBUTION, ETC.
Place of publication, distribution, etc. गोरखपुर, भारत:
Name of publisher, distributor, etc. गीताप्रेस,
Date of publication, distribution, etc. 2025.
300 ## - PHYSICAL DESCRIPTION
Extent 1208पृ.
365 ## - TRADE PRICE
Price amount 1600.00
Currency code INR
650 ## - SUBJECT ADDED ENTRY--TOPICAL TERM
Topical term or geographic name entry element हिन्दी काव्य
9 (RLIN) 753858
650 ## - SUBJECT ADDED ENTRY--TOPICAL TERM
Topical term or geographic name entry element हिन्दी साहित्य
942 ## - ADDED ENTRY ELEMENTS (KOHA)
Koha item type Textbook
Source of classification or shelving scheme Colon Classification (CC)
Classification part O152,1J2,11 R5
Holdings
Withdrawn status Lost status Source of classification or shelving scheme Damaged status Not for loan Home library Current library Date acquired Source of acquisition Cost, normal purchase price Inventory number Total Checkouts Full call number Barcode Date last seen Cost, replacement price Price effective from Koha item type
    Colon Classification (CC)     Braille Library Braille Library 2026-02-06 4/क्लासिक बुक सर्विस 1280.00 247 & 2026-02-04   O152,1J2,11 R5 BL0001247 2026-02-06 1600.00 2026-02-06 Textbook
Copyright @ Delhi University Library System